Right to buy (Record no. 83834)

MARC details
000 -LEADER
fixed length control field 01014cad a22001935a 4500
001 - CONTROL NUMBER
control field L155206
008 - FIXED-LENGTH DATA ELEMENTS--GENERAL INFORMATION
fixed length control field 120312e2012 xxk 000 0 eng d
035 ## - SYSTEM CONTROL NUMBER
System control number (Sirsi) u155206
041 0# - LANGUAGE CODE
Language code of text/sound track or separate title eng
110 2# - MAIN ENTRY--CORPORATE NAME
Corporate name or jurisdiction name as entry element United Kingdom
Subordinate unit Department for Communities and Local Government
9 (RLIN) 4939
245 00 - TITLE STATEMENT
Title Right to buy
Medium [electronic resource]
260 ## - PUBLICATION, DISTRIBUTION, ETC.
Date of publication, distribution, etc. 2012
520 ## - SUMMARY, ETC.
Summary, etc. The Government announced on 12 March 2012, the Right to Buy discount limit across England would be increased up to £75 000 with effect from 2 April 2012. Every additional home sold under Right to Buy will be replaced by a new home for affordable rent. Local authorities will be able to retain the receipts for replacement housing. Local authorities will be able to retain the receipts for replacement housing.
590 ## - LOCAL NOTE (RLIN)
Local note KA
651 #4 - SUBJECT ADDED ENTRY--GEOGRAPHIC NAME
Geographic name England
Chronological subdivision 886-
690 ## - LOCAL SUBJECT ADDED ENTRY--TOPICAL TERM (OCLC, RLIN)
Topical term or geographic name as entry element Residential property
9 (RLIN) 6266
856 40 - ELECTRONIC LOCATION AND ACCESS
Uniform Resource Identifier <a href="https://www.communities.gov.uk/housing/homeownership/righttobuy/">https://www.communities.gov.uk/housing/homeownership/righttobuy/</a>
Public note View this item free of charge at www.communities.gov.uk
942 ## - ADDED ENTRY ELEMENTS (KOHA)
Suppress in OPAC 0
Holdings
Withdrawn status Lost status Source of classification or shelving scheme Damaged status Not for loan Home library Current library Shelving location Date acquired Total Checkouts Full call number Barcode Date last seen Copy number Price effective from Koha item type
    Dewey Decimal Classification     Virtual Virtual Online 12/03/2012   ONLINE PUBLICATION 155206-2001 06/08/2019 1 06/08/2019 Journal article